Minutes of the ... session of the North Indiana Annual Conference of the Methodist Episcopal Church: Volume 2(1844)

Saved in:  
Bibliographic Details
Corporate Authors: Methodist Episcopal Church. VerfasserIn (Author) ; Allen County Public Library Genealogy Center. MitwirkendeR (Contributor)
Format: Electronic Article
Language:English
Check availability: HBZ Gateway
WorldCat: WorldCat
Interlibrary Loan:Interlibrary Loan for the Fachinformationsdienste (Specialized Information Services in Germany)
Published: Cincinnati [s.n.] 1844
In:Sonderdruck aus: Minutes of the session of the North Indiana Annual Conference of the Methodist Episcopal Church Volume 2(1844)
Further subjects:B Indiana Church history Periodicals
B Protestantism
B Methodist Episcopal Church North Indiana Conference Periodicals
Online Access: Volltext (kostenfrei)
Sammlungen:

MARC

LEADER 00000cam a22000002c 4500
001 1914290909
003 DE-627
005 20250206055011.0
007 cr uuu---uuuuu
008 250110s1844 xx |||||o 00| ||eng c
035 |a (DE-627)1914290909 
035 |a (DE-599)KXP1914290909 
035 |a (PRTC)minutesofsession1902meth 
040 |a DE-627  |b ger  |c DE-627  |e rda 
041 |a eng 
050 0 |a BX 8381 
084 |a 1  |2 ssgn 
110 2 |a Methodist Episcopal Church  |b North Indiana Conference  |e VerfasserIn  |4 aut 
245 1 0 |a Minutes of the ... session of the North Indiana Annual Conference of the Methodist Episcopal Church  |b Volume 2(1844) 
264 1 |a Cincinnati  |b [s.n.]  |c 1844 
300 |a 1 Online-Ressource (66 v.)  |b ill. 
336 |a Text  |b txt  |2 rdacontent 
337 |a Computermedien  |b c  |2 rdamedia 
338 |a Online-Ressource  |b cr  |2 rdacarrier 
500 |a Description based on: 17th (Apr. 5, 1860) 
601 |a Indiana, Pa. 
601 |a Methodist 
610 1 0 |a Methodist Episcopal Church  |b North Indiana Conference  |x Periodicals 
651 0 |a Indiana  |x Church history  |x Periodicals 
655 0 |a Protestantism 
710 2 |a Allen County Public Library Genealogy Center  |e MitwirkendeR  |4 ctb 
773 0 8 |i Sonderdruck aus  |t Minutes of the session of the North Indiana Annual Conference of the Methodist Episcopal Church  |g Volume 2(1844) 
856 4 0 |u https://commons.ptsem.edu/id/minutesofsession1902meth  |m X:PRTC  |x Digitalisierung  |z kostenfrei  |7 0 
935 |a PRTC  |a mteo 
935 |c so 
951 |a BO 
ELC |a 1 
LOK |0 000 xxxxxcx a22 zn 4500 
LOK |0 001 4649639506 
LOK |0 003 DE-627 
LOK |0 004 1914290909 
LOK |0 005 20250110131725 
LOK |0 008 250110||||||||||||||||ger||||||| 
LOK |0 035   |a (DE-Tue135)minutesofsession1902meth 
LOK |0 040   |a DE-Tue135  |c DE-627  |d DE-Tue135 
LOK |0 092   |o n 
LOK |0 689   |a f  |a Periodical 
LOK |0 852   |a DE-Tue135 
LOK |0 852 1  |9 00 
LOK |0 866   |x SPQUE#Theological Commons Princeton 
LOK |0 935   |a PRTC 
LOK |0 939   |a 10-01-25  |b l01 
OAS |a 1 
ORI |a SA-MARC-ixtheoa001.raw 
STA 0 0 |a Indiana 
SYF 0 0 |a Ind.,IN